| 000 | 00396cam a22001452a 4500 | ||
|---|---|---|---|
| 001 | 000290 | ||
| 003 | AR-FADEU | ||
| 008 | 311216n1972####xxu####################dd | ||
| 245 | _aPortugués: Lecturas varias. Cursos educativos. Cine | ||
| 260 | _aSao Paulo | ||
| 260 | _c1972 | ||
| 440 | _aFolletos, 4 ejemplares | ||
| 650 | _aPORTUGUES-LECTURAS; LENGUA PORTUGUESA; PORTUGUES | ||
| 942 | _cFOLLETO | ||
| 999 |
_c1111 _d1111 |
||